banner koha

Composição química, compostos bioativos e dissimilaridade genética entre cultivares de amoreira (Rubus spp.)cultivadas no sul de Minas Gerais (Registro n. 239689)

MARC details
000 -LÍDER
campo de controle de tamanho fixo 00964nas a2200301 4500
001 - NÚMERO DE CONTROLE
campo de controle BR2014006123
003 - IDENTIFICADOR DO NÚMERO DE CONTROLE
campo de controle BR-BrBNA
005 - DATA E HORÁRIO DA ÚLTIMA TRANSAÇÃO
campo de controle 20231205124543.0
007 - CAMPO FIXO DE DESCRIÇÃO FÍSICA--INFORMAÇÃO GERAL
campo de controle de tamanho fixo ta
008 - CAMPO DE DADOS FIXOS--INFORMAÇÃO GERAL
campo de controle de tamanho fixo 230509b bl.|||p| |||| 00| 00por d
040 ## - FONTE DA CATALOGAÇÃO
Instituição da catalogação original BR-BrBNA
Idioma da catalogação por
Instituição que transcreveu o registro Biblioteca Nacional de Agricultura
041 ## - CÓDIGO DE IDIOMA
Código do idioma do texto/trilha sonora ou título diferente (Pt)
072 ## - CÓDIGO DE CATEGORIA DE ASSUNTO
Código de Categoria de Assunto F60; F30
100 1# - ENTRADA PRINCIPAL--NOME PESSOAL
Nome pessoal Guedes, M.N.S.
100 1# - ENTRADA PRINCIPAL--NOME PESSOAL
Nome pessoal Maro, L.A.C.
100 1# - ENTRADA PRINCIPAL--NOME PESSOAL
Nome pessoal Abreu, C.M.P. de
100 1# - ENTRADA PRINCIPAL--NOME PESSOAL
Nome pessoal Pio, R.
100 1# - ENTRADA PRINCIPAL--NOME PESSOAL
Nome pessoal Patto, L.S.
245 1# - TÍTULO
Título Composição química, compostos bioativos e dissimilaridade genética entre cultivares de amoreira (Rubus spp.)cultivadas no sul de Minas Gerais
650 ## - ASSUNTO--TERMO TÓPICO
Cabeçalho tópico ou nome geográfico AMORA PRETA
650 ## - ASSUNTO--TERMO TÓPICO
Cabeçalho tópico ou nome geográfico AMORA
650 ## - ASSUNTO--TERMO TÓPICO
Cabeçalho tópico ou nome geográfico COMPOSIÇÃO QUÍMICA
650 ## - ASSUNTO--TERMO TÓPICO
Cabeçalho tópico ou nome geográfico VARIEDADE
650 ## - ASSUNTO--TERMO TÓPICO
Cabeçalho tópico ou nome geográfico GENÉTICA VEGETAL
773 0# - ENTRADA ANALÍTICA
Título Revista Brasileira de Fruticultura (Brazil)
ISSN - International Standard Serial Number ISSN 0100-2945
Partes relacionadas (Mar 2014), v. 36(1) p. 206-213
Número de controle do registro BR2014006123
909 ## -
-- 202311
-- Lúcia
-- 55
-- Lúcia Elande
942 ## - ELEMENTOS DE ENTRADA ADICIONADOS (KOHA)
Fonte da classificação ou esquema de arquivamento na estante Classificação AGRIS
Ocultar no OPAC Não
Tipo de material Koha Analítica
Exemplares
Situação do descarte Fonte da classificação ou esquema de arquivamento na estante Situação física Não pode ser emprestado Biblioteca de origem Biblioteca atual Localização na estante Enumeração do periódico / cronologia Total de empréstimos Data de último acesso Número do exemplar Tipo de material Koha Fonte de aquisição
  Classificação AGRIS   Consulta local Biblioteca Nacional de Agricultura - Binagri Biblioteca Nacional de Agricultura - Binagri   (Mar 2014), v. 36(1) p. 206-213   29/11/2023 01 Periódicos Portaria Interministerial nº 164/94

BINAGRI

Telefone: (61)3218-2567/2388/3357/2097 - binagri@agro.gov.br

Ministério da Agricultura e Pecuária , Esplanada dos Ministérios, Bloco D, Anexo B, Brasília/DF, CEP: 70.043-900